[Event "PRO League Stage"]
[Site "Chess.com INT"]
[Date "2017.02.11"]
[Round "5"]
[White "Caruana, Fabiano"]
[Black "Tari, Aryan"]
[Result "1/2-1/2"]
[WhiteElo "2827"]
[BlackElo "2584"]
[PlyCount "126"]
[EventDate "2017.01.11"]
[EventType "team-swiss (rapid)"]
[EventRounds "7"]
[EventCountry "USA"]
[SourceTitle "CBM 176 Extra"]
[Source "ChessBase"]
[SourceDate "2017.03.02"]
[SourceVersion "1"]
[SourceVersionDate "2017.03.02"]
[SourceQuality "1"]
[WhiteTeam "Montreal ChessBrahs"]
[BlackTeam "Norway Gnomes"]
[WhiteTeamCountry "CAN"]
[BlackTeamCountry "NOR"]

1. e4 c6 2. d4 d5 3. e5 Bf5 4. Nf3 e6 5. Be2 Ne7 6. c3 Nd7 7. O-O c5 8. dxc5
Nxc5 9. Na3 Nc6 10. Bf4 Be7 11. Nb5 O-O 12. Nfd4 Bg6 13. Rc1 Nd7 14. Nxc6 bxc6
15. Nd4 Qc7 16. c4 Qb7 17. cxd5 cxd5 18. Bb5 Rad8 19. Qe2 Nb8 20. g3 Rc8 21. h4
h6 22. h5 Bh7 23. Be3 Rxc1 24. Rxc1 Rc8 25. Qd2 Rc7 26. Qa5 Rxc1+ 27. Bxc1 Bc5
28. Qd8+ Bf8 29. Be3 a6 30. Be8 Be7 31. Bc6+ Bxd8 32. Bxb7 Bd3 33. b4 Kf8 34.
Nb3 Nd7 35. f4 Bc4 36. Kf2 Ke7 37. Nd4 Nb8 38. a4 Kd7 39. f5 Be7 40. b5 axb5
41. axb5 exf5 42. Nxf5 Bf8 43. b6 Nc6 44. Bf4 Bc5+ 45. Kg2 Nd8 46. Ba8 Ne6 47.
b7 Ba7 48. Bd2 Bd3 49. Nd6 Bb8 50. Nxf7 Be2 51. Bb4 Bxh5 52. Bd6 Nc7 53. Nh8
Ke6 54. g4 Be8 55. Kf3 g5 56. Ke3 h5 57. gxh5 Bxh5 58. Kf2 d4 59. Bb4 Kxe5 60.
Bd2 Kf6 61. Bc1 Be8 62. Kf3 Bc6+ 63. Kg4 Nxa8 1/2-1/2

[Event "Gibraltar Masters 15th"]
[Site "Caleta"]
[Date "2017.01.27"]
[Round "4"]
[White "Vocaturo, Daniele"]
[Black "Caruana, Fabiano"]
[Result "1/2-1/2"]
[WhiteElo "2606"]
[BlackElo "2827"]
[Annotator "Sumets,A"]
[PlyCount "115"]
[EventDate "2017.01.24"]
[EventType "swiss"]
[EventRounds "10"]
[EventCountry "GGB"]
[SourceTitle "CBM 177"]
[Source "ChessBase"]
[SourceDate "2017.03.16"]
[SourceVersion "1"]
[SourceVersionDate "2017.03.16"]
[SourceQuality "1"]

1. e4 c6 2. d4 d5 3. e5 Bf5 4. h4 h5 5. Bd3 Bxd3 6. Qxd3 e6 7. Bg5 Qb6 8. Nd2
Qa6 ({Nowadays after} 8... c5 9. c4 Qxb2 {the line, which I recommended in my
annotations to the game Nepomniachtchi,I-Motylev,A 2014 Poikovsky 2014,
instead of 10.Rb1 White has found 10.Rd1:} 10. Rd1 $1 Qxd4 11. Qb3 Qxe5+ 12.
Ne2 Nd7 (12... Qc7 13. cxd5 exd5 14. O-O $5 ({Also White could have tried} 14.
Nc3 $5 Qb6 (14... d4 15. O-O Be7 16. Nc4 Nf6 (16... dxc3 $2 17. Bxe7 Kxe7 18.
Rfe1+ Kf8 19. Qxb7 $1 $18) 17. Nb5 Qd8 18. Bxf6 gxf6 19. Nbd6+ Bxd6 20. Qxb7
$16) 15. Qxd5 Qe6+ 16. Qxe6+ fxe6 17. Nb5 Na6 18. Nc4 Nf6 19. O-O Be7 20. Ncd6+
Bxd6 21. Nxd6+ Ke7 22. Nxb7 $44) ({or} 14. Nc4 $5 Be7 (14... dxc4 $4 15. Qxb7
$18) 15. Rxd5 Nf6 16. Bxf6 Bxf6 (16... gxf6 17. O-O $44) 17. Nd6+ Kf8 18. Rxc5
Nc6 19. Qxb7 Qxb7 20. Nxb7 $11) 14... d4 $6 15. Rfe1 Be7 16. Nf4 $2 (16. Nc4 $1
Nc6 17. Bf4 Qd7 18. Nxd4 Nxd4 19. Rxd4 cxd4 20. Nd6+ $18) 16... Nc6 17. Nd5 Qd7
18. Ne4 Rd8 $2 (18... b6 19. Bxe7 Ncxe7 $1 (19... Ngxe7 $2 20. Ndf6+ $18) 20.
Ng5 O-O-O 21. Nxb6+ axb6 22. Qxb6 Rh6 23. Qxc5+ Rc6 24. Qa3 Qd6 25. Qa4 Ra6 26.
Qc4+ Rc6 27. Qa4 $11) 19. Nxe7 Ngxe7 20. Nxc5 Qd5 21. Qxb7 f6 22. Ne6 Kf7 23.
Nxd8+ Rxd8 24. Bf4 $16 {Kadric,D (2500)-Yang,D (2478) Richardson 2015 1/2 (26)}
) 13. Bf4 Qf5 $2 ({even the strongest} 13... Qf6 14. Qxb7 Qd8 {looks very
dangerous for Black.}) 14. Qxb7 Rd8 15. Bc7 $18 d4 16. Ng3 Qg4 17. Bxd8 Kxd8
18. Qa8+ Ke7 19. Rb1 Ngf6 20. Rb7 {1-0 (20) Hammer,J (2652) -Brunello, S (2567)
Helsingor DEN 2016}) 9. c4 Bb4 10. b3 c5 11. Ngf3 Nc6 12. dxc5 (12. O-O Nge7 ({
As we can see, the position after the text 12.dxc5 and then 12...Bxc5 is in
White's favour. So probably Black should have played} 12... cxd4 $5 13. Nxd4
Nge7 14. Nb5 Rc8 15. a3 Nxe5 16. Qe2 Bxd2 17. Bxe7 Kxe7 18. Qxd2 Kf8 (18...
dxc4 $5 19. Qb4+ Kf6 20. Nd6 Rc6 21. Rad1 $44) 19. Rae1 f6) 13. dxc5 Ng6 14.
Qe3 d4 15. Qe2 Bxc5 16. a3 $1 $16 {Motylev,A (2665) -Khotenashvili,B (2526)
Caleta 2015 1-0 (33)}) 12... Nge7 (12... Bxc5 {see my annotations to the game
Nepomniachtchi,I-Motylev,A 2014 Poikovsky 2014 0-1 (37).}) 13. O-O (13. Bxe7 {
seems to be a harmless continuation:} Nxe7 14. O-O Bxc5 15. a3 ({White could
have tried} 15. Ng5 $5 Nc6 16. Ndf3 dxc4 17. bxc4 Be7 18. Qe4 Qa5 19. Rab1 Qc7
$13) 15... Ng6 16. b4 Be7 17. g3 Rd8 18. Qb3 b6 19. Rac1 O-O $11 {Jose Abril,R
(2337)-Grigoryan,K (2582) Badalona 2015 0-1 (56)}) 13... Nf5 (13... O-O 14. a3
({As an improvement I can recommend} 14. Qc2 $1 dxc4 (14... Rac8 15. cxd5 Nxd5
16. Ne4 $16) (14... Qa5 15. a3 Bxd2 16. cxd5 $1 Bxg5 17. Nxg5 $16) 15. Ne4 Nf5
16. a3 cxb3 17. Qxb3 Ba5 18. Rfd1 $16) 14... Bxd2 15. Nxd2 Nxe5 16. Qe2 N7c6
17. Qxh5 f6 $2 18. cxd5 exd5 19. Bf4 Qd3 20. Rae1 (20. Bxe5 $1 Nxe5 (20... fxe5
21. Nf3 Qf5 22. Qxf5 Rxf5 23. b4 $16) 21. Rfd1 Rad8 22. Nc4 Qxb3 23. Nxe5 fxe5
24. Qxe5 Qc4 25. Qe7 $16) 20... Rae8 21. Bxe5 Rxe5 22. Qd1 Nd4 23. Nf3 Nxf3+
24. Qxf3 Qxf3 25. gxf3 Kf7 $44 {Jones,G (2663)-Ghasi,A (2455) Reading ENG 2017
1/2 (65)}) 14. Qc2 Ncd4 15. Nxd4 Nxd4 16. Qd1 Bxc5 17. Nf3 Qb6 ({Other moves
are even less attractive for Black.} 17... Nxf3+ $6 18. Qxf3 dxc4 (18... d4 19.
a3 Rc8 20. Qg3 $1 Qc6 21. b4 Be7 22. Bxe7 Kxe7 23. Qg5+ Kf8 24. Rfd1 $16) 19.
Rac1 $1 Bd4 (19... O-O $2 20. Rxc4 Bb6 21. Qxh5 Qxa2 22. Bf6 $18) 20. Rxc4 (20.
Qf4 $5 Bb2 21. Rxc4 Qa5 22. Re4 $16) 20... Bxe5 21. Re1 Qa5 22. Rec1 f6 23. Rc5
Qb6 24. Bf4 $1 Bxf4 25. Qxf4 O-O 26. Rc7 $16) (17... Nf5 $2 18. cxd5 Ng3 19.
Re1 Qb6 20. Be3 $18) 18. cxd5 ({It seems to me that White could have got an
advantage after} 18. Rb1 $5 a5 (18... Rc8 19. cxd5 exd5 20. b4 Nxf3+ $8 21.
Qxf3 Bd4 22. Qxd5 $16) 19. cxd5 exd5 20. Nxd4 Bxd4 21. Qf3 O-O 22. Qxd5 Rfe8
23. Rbe1 $16 {White has an extra pawn and good chances to win the game.}) 18...
exd5 19. Rc1 O-O 20. Nxd4 $6 {As we can see, this move leads to a drawish
position, so White should have chosen between 20.Nh2 and 20.Ne1:} (20. Nh2 $5
Ne6 21. Qxh5 Qb4 22. Rfe1 Rac8 23. Ng4 Rfe8 (23... Nf4 24. Nh6+ $1 {This is
stronger than 24.Bxf4 Qxf4} gxh6 25. Qxh6 Bxf2+ $8 26. Kh1 $8 Rxc1 27. Rxc1 Qe4
28. Bxf4 $16) 24. Nf6+ gxf6 25. Bxf6 Ng7 26. Qg5 Bf8 27. h5 Kh7 28. h6 $18) (
20. Ne1 $5 Ne6 (20... Ba3 21. Rc3 Ne6 22. Qxh5 Qd4 23. Re3 Rfc8 24. Nf3 Qb2 25.
Rd3 $16) 21. Qxh5 Rac8 22. Nd3 Ba3 23. Rxc8 Rxc8 24. Qe2 Rc3 25. Nf4 Nxf4 26.
Bxf4 Qd4 27. Bg5 $16) 20... Bxd4 21. Qxh5 Rae8 (21... Bxe5 $4 {Black can't
take on e5 due to} 22. Be7 Bb2 23. Bxf8 Bxc1 24. Bxg7 $18) 22. Bf4 Qg6 23. Qxg6
fxg6 24. g3 Bxe5 25. Bxe5 Rxe5 26. Rfe1 Rxe1+ 27. Rxe1 Rc8 $1 (27... Kf7 $6 28.
Re5 Rd8 29. Kf1 Kf6 30. Rg5 Rd7 31. Ke2 $16 {White has good chances to win the
endgame.}) 28. Re7 {The following moves are forced.} Rc2 29. a4 b6 30. Rxa7 Rb2
31. Rb7 Rxb3 32. a5 b5 33. a6 (33. Kf1 Rb2 34. a6 Ra2 35. a7 Kh7 36. Ke1 b4 37.
Kd1 b3 38. Kc1 d4 39. f4 d3 $11) 33... Ra3 34. Rxb5 Rxa6 35. Rxd5 Ra2 $14 {
Despite the fact, that the computer's evaluation is about +1.5, the position
which has arisen is completely drawish. In order to make a draw the doubled
pawns g6, g7 are even better placed than pawns would be on g7 and h6.} 36. Kg2
Rb2 37. Rd8+ Kf7 38. Rd7+ Kg8 39. Kf3 Ra2 40. Ke3 Ra4 41. Re7 Ra5 42. f3 Kh7
43. Kf4 Rf5+ 44. Ke4 Ra5 45. Kf4 Rf5+ 46. Kg4 Ra5 47. Re8 Ra4+ 48. Kh3 Ra3 49.
Rf8 Ra5 50. g4 Rb5 51. Rf4 Kg8 52. Rd4 Ra5 53. Kg3 Rb5 54. Kf4 Ra5 55. Rd7 Kh7
56. Ke4 Ra1 57. Ke5 Rh1 58. Kf4 1/2-1/2

[Event "Gibraltar Masters 15th"]
[Site "Caleta"]
[Date "2017.02.02"]
[Round "10"]
[White "Caruana, Fabiano"]
[Black "Akobian, Varuzhan"]
[Result "1/2-1/2"]
[WhiteElo "2827"]
[BlackElo "2633"]
[PlyCount "116"]
[EventDate "2017.01.24"]
[EventType "swiss"]
[EventRounds "10"]
[EventCountry "GGB"]
[SourceTitle "CBM 177"]
[Source "ChessBase"]
[SourceDate "2017.03.16"]
[SourceVersion "1"]
[SourceVersionDate "2017.03.16"]
[SourceQuality "1"]

1. e4 e5 2. Bc4 Nf6 3. d3 Nc6 4. Nf3 Be7 5. O-O O-O 6. Re1 d6 7. c3 a6 8. Bb3
Bg4 9. Nbd2 d5 10. h3 Bh5 11. Qe2 Re8 12. Nf1 d4 13. g4 Bg6 14. Ng3 Qd7 15. Nh4
Red8 16. Rd1 Na5 17. Bc2 c5 18. cxd4 Nc6 19. Nhf5 Bxf5 20. Nxf5 Nxd4 21. Nxd4
Qxd4 22. Bb3 Qd7 23. g5 Ne8 24. Qf3 Bf8 25. h4 g6 26. h5 Ng7 27. hxg6 hxg6 28.
Kg2 Ne6 29. Be3 Bg7 30. a4 b6 31. a5 b5 32. Bxe6 Qxe6 33. Bxc5 Rac8 34. Rac1
Bf8 35. Bb6 Rxc1 36. Rxc1 Rc8 37. Rh1 b4 38. d4 exd4 39. Bxd4 Bg7 40. Bxg7 Kxg7
41. Qf4 Re8 42. f3 Qe5 43. Qd2 Qxa5 44. b3 Qe5 45. Rd1 Rc8 46. Qd4 Rc2+ 47. Kh3
Rh2+ 48. Kg4 Rg2+ 49. Kh4 Rxg5 50. f4 Qxd4 51. Rxd4 Rb5 52. e5 Rb7 53. Rd6 Rc7
54. Rxa6 Rc3 55. Ra7 Rxb3 56. e6 Re3 57. Rxf7+ Kh6 58. Rb7 Rxe6 1/2-1/2

[Event "USA-ch"]
[Site "Saint Louis"]
[Date "2017.03.29"]
[Round "1"]
[White "Shankland, Samuel L"]
[Black "Caruana, Fabiano"]
[Result "1/2-1/2"]
[WhiteElo "2666"]
[BlackElo "2817"]
[Annotator "Yermolinsky,A"]
[PlyCount "73"]
[EventDate "2017.03.29"]
[EventType "tourn"]
[EventRounds "11"]
[EventCountry "USA"]
[EventCategory "18"]
[SourceTitle "CBM 178"]
[Source "ChessBase"]
[SourceDate "2017.05.14"]
[SourceVersion "1"]
[SourceVersionDate "2017.05.14"]
[SourceQuality "1"]

1. d4 Nf6 2. c4 e6 3. Nc3 Bb4 4. Qc2 O-O 5. Nf3 d6 6. g3 b6 7. Bg2 Bb7 8. O-O
Nbd7 9. b3 Qe7 10. Bb2 Bxc3 11. Qxc3 Ne4 12. Qc2 f5 {Delayed Dutch Defense.}
13. Rad1 Rae8 (13... c5 14. Nd2 Nxd2 15. Rxd2 Bxg2 16. Kxg2 cxd4 17. Rxd4 e5
18. Rd2 Nc5 {I'm sure Fabiano was not too excited with the prospects of
holding such a position.}) 14. d5 $1 {Textbook play from Sam.} exd5 15. cxd5
Ndf6 16. Bxf6 Rxf6 (16... Qxf6 17. Nd4 Bxd5 18. Qxc7 {is mildly unpleasant for
Black.}) 17. Rd4 Rf7 18. e3 a5 19. a3 Ba6 20. Rc1 g5 21. Rdd1 Bb7 22. Rd4 h5 $6
{A rather nervous attempt to get something out of nothing.} ({Repeating the
moves with} 22... Ba6 {would be a silent draw offer with some rating points to
be sacrificed. Besides, nothing stops White from trying for more with, say,}
23. b4) 23. Rc4 Bxd5 24. Rxc7 Qxc7 25. Qxc7 Rxc7 26. Rxc7 Bxb3 27. Nd4 Be6 28.
Bf1 {Too straightforward.} ({A little subtlety was required:} 28. Bf3 $1 g4 (
28... h4 $4 29. Bh5) 29. Be2 {would take care of Black's only chance of
counterplay - pushing f5-f4.}) 28... Kf8 29. Rb7 f4 $1 30. exf4 gxf4 31. f3 (
31. Rxb6 Bf7 32. gxf4 Nd2 33. Bb5 Re1+ 34. Kg2 Nc4) 31... Nd2 32. Bb5 Bd5 {
Having found a target on f3 Black is out of danger now.} 33. Rxb6 Re3 34. Rxd6
Nxf3+ 35. Kf2 Nxd4 36. Rxd5 Nxb5 37. Rxb5 1/2-1/2

[Event "USA-ch"]
[Site "Saint Louis"]
[Date "2017.03.31"]
[Round "3"]
[White "So, Wesley"]
[Black "Caruana, Fabiano"]
[Result "1/2-1/2"]
[WhiteElo "2822"]
[BlackElo "2817"]
[Annotator "Yermolinsky,A"]
[PlyCount "98"]
[EventDate "2017.03.29"]
[EventType "tourn"]
[EventRounds "11"]
[EventCountry "USA"]
[EventCategory "18"]
[SourceTitle "CBM 178"]
[Source "ChessBase"]
[SourceDate "2017.05.14"]
[SourceVersion "1"]
[SourceVersionDate "2017.05.14"]
[SourceQuality "1"]

1. e4 e5 2. Nf3 Nc6 3. Bb5 Nf6 4. O-O Nxe4 5. d4 Nd6 6. Bxc6 dxc6 7. dxe5 Nf5
8. Qxd8+ Kxd8 9. h3 Ke8 10. Nc3 h5 11. Bg5 Be6 12. Rad1 Be7 13. b3 h4 14. Rfe1
a5 15. Rd3 Rd8 16. Rxd8+ Kxd8 17. Ne2 Bd5 18. Bxe7+ Kxe7 19. Ned4 Nxd4 20. Nxd4
Be6 21. c4 a4 22. c5 axb3 23. axb3 g6 24. Re4 Bd5 25. Rg4 Rh5 26. f4 Rh8 {
As it happens the Berlin endgame has gradually turned in Black's favour.
Seeing no way out for his rook Wesley went forward.} 27. f5 gxf5 28. Rf4 ({
The problem is that as soon as the rooks are traded the remote position of the
white king makes the ending dangerous for White, e.g.} 28. Rxh4 Rxh4 29. Nxf5+
Ke6 30. Nxh4 Bxb3 31. Nf3 Bd5 32. Kf2 {and here} Bxf3 33. Kxf3 Kxe5 {just wins.
} 34. h4 f5 35. h5 Kf6 36. Kf4 b5 $19) 28... Kd7 29. Rxf5 Rg8 30. Rf2 Rg5 {
Fabiano was getting short of time.} ({For that reason here he rejected the
more promising continuation} 30... Rg3 31. b4 Rc3) 31. Kh2 Rxe5 32. Rf4 Rg5 33.
Rg4 {A tough choice for Wesley.} ({The rook ending a pawn down after} 33. Nf3
Bxf3 34. Rxf3 Ke6 {didn't look safe for White, yet it may have been a better
choice. White has a plan to attack the black pawns:} 35. Rc3 Re5 36. Rc4 f5 37.
Rb4 Rxc5 38. Rxb7 Rb5 39. Rxc7 {reaching safety.}) 33... Rxg4 34. hxg4 Ke7 {
The king threatens to come out via f6.} 35. g3 $6 {Unnecessary.} ({The direct} 
35. g5 f6 36. g6 {would force Black to shed his kingside pawns:} f5 (36... Kf8
37. Kh3 Kg7 38. Kxh4 Kxg6 39. g4 {is easy}) 37. Nxf5+ Kf6 38. Nxh4 Bxb3 39. Kg3
Bc2 40. Kf4 Bxg6 {and here there's a fancy way to force a draw:} 41. Nf3 (41.
Ke3 Bc2 42. Kd4 {is also pretty reliable.}) 41... Ke6 42. g4 Kd5 43. Ne5 Bh7
44. Nd7 {The knight holds everything together.}) 35... Kf6 $6 {Time trouble.} (
{Fabiano could have posed serious problems had he found} 35... h3 $1 {Now} 36.
g5 {can be answered with} (36. Kxh3 {allows the king through in a situation
where White's counterplay on the kingside is much slower in coming:} Kf6 37. b4
Be4 38. Kh4 Ke5 39. Ne2 Bf3 40. Ng1 Bd5 41. Ne2 Bc4 42. Ng1 Kd4 {One sample
line goes as follows} 43. Nf3+ Kc3 44. Ne5 Kxb4 ({also,} 44... Bd5 {wins}) 45.
Nxc4 (45. Nd7 Be6) 45... Kxc4 46. Kg5 Kxc5 47. Kf6 b5 48. Kxf7 {Now we will
see new queens appearing and leaving the board in rapid succession.} b4 49. g5
b3 50. g6 b2 51. g7 b1=Q 52. g8=Q Qb3+ 53. Kf8 Qxg8+ 54. Kxg8 Kd6 $1 55. g4 c5
56. g5 c4 57. g6 c3 58. g7 c2 59. Kf8 c1=Q 60. g8=Q Qh6+ 61. Ke8 Qe6+) 36...
Bg2 37. b4 b6 38. g4 {Possibly, Caruana saw all this, but not the backdoor
entrance for his king:} Kd7 $5 39. Kg3 Kc8 {Trouble spot.} 40. Nf5 $1 {Only
this saves White.} (40. Ne2 Kb7 41. Nf4 Ka6 $19) 40... Kb7 41. Nh6 Bd5 42. Kxh3
Ka6 43. Kg3 Kb5 44. Kf4 Kxb4 45. cxb6 cxb6 46. Ke5 {The king joins the fray
just in time.}) 36. gxh4 Ke5 37. Nf5 Bxb3 38. h5 Kf6 39. Kg3 Kg5 40. h6 Kg6 41.
g5 {Now the far advanced h6-pawn guarantees a draw} Bc2 42. Nd4 Bb1 43. Kf4 f6
44. gxf6 Kxf6 45. Nb3 b6 46. Nd4 bxc5 47. Nxc6 Kg6 48. Ke5 Kxh6 49. Kd5 c4
1/2-1/2